QUEST Central Library Banner

Textbook of surveying VOL. 2 (Record no. 8903)

MARC details
000 -LEADER
fixed length control field 00317nam a2200109 a 4500
100 1# - MAIN ENTRY--AUTHOR NAME
Personal name Shahani, P. B.
245 10 - TITLE STATEMENT
Title Textbook of surveying VOL. 2
260 ## - PUBLICATION, DISTRIBUTION, ETC. (IMPRINT)
Place of publication [S.l.] :
Name of publisher Oxford & IBH Publ. Co,
Year of publication 1988.
300 ## - PHYSICAL DESCRIPTION
Number of Pages 1 v. (unpaged)
856 40 - ELECTRONIC LOCATION AND ACCESS
Uniform Resource Identifier http://www.amazon.com/exec/obidos/ASIN/B0007CDNR8/chopaconline-20
942 ## - ADDED ENTRY ELEMENTS (KOHA)
Koha item type Books
Holdings
Withdrawn status Lost status Home library Current library Date acquired Cost, normal purchase price Full call number Accession Number Koha item type
    Central Library, QUEST, Nawabshah Central Library, QUEST, Nawabshah 20/08/2014 126.00 526.9SHA 17147 Books
    Central Library, QUEST, Nawabshah Central Library, QUEST, Nawabshah 20/08/2014 126.00 526.9SHA 17149 Books
    Central Library, QUEST, Nawabshah Central Library, QUEST, Nawabshah 20/08/2014 126.00 526.9SHA 17150 Books
    Central Library, QUEST, Nawabshah Stacks area 20/08/2014 126.00 526.9SHA 17146 Books
    Central Library, QUEST, Nawabshah Stacks area 20/08/2014 126.00 526.9SHA 17148 Books

Copyright © 2018,The QUEST, Nawabshah, Shaheed Benazirabad. All rights reserved
Mr. G. Farooq Channar (Librarian) QUEST, Nawabshah, Sindh, Pakistan 67480.
 Ph#: |   0244-9370381-4 Ext. 2308   Email| lib@quest.edu.pk   Web|  http://www.quest.edu.pk